Analýza nákladov na báze finančného účtovníctva

Vymedzenie, klasifikácia a štruktúra nákladov vo finančnom účtovníctve. Metódy a techniky analýzy. Príklad z praxe.

Salvato in:
Dettagli Bibliografici
Autore principale: Bartošová, Viera
Natura: Capitolo di libro
Lingua:slovacco
Soggetti:
Tags: Aggiungi Tag
Nessun Tag, puoi essere il primo ad aggiungerne!!

MARC

LEADER 00000naa a2200000 4500
001 0241740
005 20221104111051.5
041 0 |a slo 
044 |a SK 
245 1 0 |a Analýza nákladov na báze finančného účtovníctva  |c Viera Bartošová 
520 |a Vymedzenie, klasifikácia a štruktúra nákladov vo finančnom účtovníctve. Metódy a techniky analýzy. Príklad z praxe. 
610 2 0 |a analýza nákladov 
610 2 0 |a účtovníctvo finančné 
610 2 0 |a metódy 
610 2 0 |a metódy ekonomicko-matematické 
610 2 0 |a analýzy 
610 2 0 |a závierka účtovná 
100 1 |a Bartošová, Viera